| 000 | 00803nam a22002417a 4500 | ||
|---|---|---|---|
| 003 | 0 | ||
| 005 | 20250912155923.0 | ||
| 008 | 250912b xxu||||| |||| 00| 0 eng d | ||
| 020 | _a978-1-03-201584-2 | ||
| 050 |
_aB 105.M55 _b.A48 2024 |
||
| 100 |
_aAlter, Torin, _eauthor. |
||
| 245 |
_aPhilosophy of mind : _b50 puzzles, paradoxes, and thought experiments / _cTorin Alter, Robert J. Howell, and Amy Kind. |
||
| 260 |
_aNew York, NY : _bRoutledge, _c2024. |
||
| 300 |
_aix, 335 pages ; _c20 cm. |
||
| 504 | _aIncludes bibliographical references and index. | ||
| 650 | _aPhilosophy of mind. | ||
| 650 |
_aThought and thinking _xPhilosophy. |
||
| 650 | _aThought experiments. | ||
| 650 | _aParadoxes. | ||
| 700 |
_aHowell, Robert J., _eauthor. |
||
| 700 |
_aKind, Amy, _eauthor. |
||
| 942 |
_2lcc _cBK |
||
| 999 |
_c367931 _d367931 |
||